000
00276nam a22001217a 4500
008
170609b xxu||||| |||| 00| 0 eng d
041
_a
eng
080
_a
94(100)
100
_a
19
101
_a
SHP
245
_a
THE ANCIENT WORLD: TO 300 A.D
_c
ALEXANDER,P.J
942
_2
udc
_c
BK
999
_c
16772
_d
16772